00214nam a2200097 a 450000500170000000800410001705000170005824500160007565000090009165000160010020141022142004.0080916s19uu xx 00 eng d aVCDbA1 1999 aArmageddon. aVCD. aArmageddon.